00692 2200265 4500001002100000005001500021035002000036245006100056100001700117250001000134300003800144260003400182082001400216084002000230020002200250650001700272008004100289600002400330990001200354990001200366990001200378990001200390990001200402990001200414INLIS00000000001368820260415024712 a0010-12250000071 aKerajaan Bone :bPenuh Pergolakan Heroik /cH.L. Purnama0 aPurnama, H.L aCet.1 aviii + 126 hlm :b- ;c13 x 19 cm aMakassar :bArus Timur,c2014 a959.84762 a959.84762 PUR k a978-602-9057-71-3 4aSejarah Bone260415 0  4aKoleksi Karya Lokal a21615.1 a21615.2 a21615.3 a21615.4 a21615.5 a21615.6